00369 2200157 4500245004000000020002200040250001100062100001800073650001600091005001900107260003200126041001400158084000800172300002200180336000900202 aYoung MarriagecRena MayriskahText a978-602-6716-45-3 aCet. 1 aRena Mayriska aNovel Fiksi a20230112155945 aBandungbPastel Booksc2019 aIndonesia a813 a292 hlm. :cilus. atext